[Event "Lansing (MI Am/2)"]
[Site "?"]
[Date "1993.??.??"]
[Round "?"]
[White "Vorhauer, Sam"]
[Black "Ho, E."]
[Result "1-0"]
[WhiteElo "1605"]
[BlackElo "1605"]
[PlyCount "129"]
[EventDate "1993.??.??"]

1. d4 d5 2. Bf4 e6 3. Nf3 Be7 4. e3 Nf6 5. Bd3 Nbd7 6. c3 b6 7. Nbd2 c5 8. dxc5
bxc5 9. b3 Nb6 10. O-O Bd6 11. Ne5 Qc7 12. Bb5+ Bd7 13. Nxd7 Nbxd7 14. Bxd6
Qxd6 15. f4 O-O 16. Rb1 c4 17. Bxd7 Qxd7 18. b4 a6 19. a4 Qa7 20. Qf3 Rfd8 21.
Rbd1 Rd6 22. Rfe1 Rad8 23. Kh1 Ne4 24. Nxe4 dxe4 25. Rxd6 Rxd6 26. Qxe4 Rd3 27.
Qxc4 Qd7 28. Qxa6 Rxc3 29. Qb5 Qd8 30. h3 h6 31. a5 Rc2 32. a6 Qd2 33. Qf1 Qxb4
34. Ra1 Qb8 35. a7 Qa8 36. Qf3 Rc8 37. Qxa8 Rxa8 38. Kg1 Kf8 39. Kf2 Ke8 40.
Ke2 Kd8 41. Kd3 Kc8 42. Kd4 Kb7 43. Rb1+ Kxa7 44. Ra1+ Kb7 45. Rxa8 Kxa8 46.
Ke5 Kb8 47. e4 Kc8 48. f5 Kd7 49. f6 g6 50. Kd4 Ke8 51. Kc5 Kf8 52. Kd6 Kg8 53.
Ke7 g5 54. g3 h5 55. e5 h4 56. g4 Kh7 57. Kxf7 Kh6 58. Ke7 Kh7 59. f7 Kg6 60.
Kxe6 Kg7 61. Ke7 Kg6 62. f8=R Kg7 63. Rf5 Kg6 64. Kf8 Kh7 65. Rf6 1-0

[Event "Lansing (MI Am/4)"]
[Site "?"]
[Date "1993.??.??"]
[Round "?"]
[White "Vorhauer, Sam"]
[Black "Collins, Charles"]
[Result "1/2-1/2"]
[WhiteElo "1605"]
[BlackElo "1725"]
[PlyCount "97"]
[EventDate "1993.??.??"]

1. d4 f5 2. Nf3 Nf6 3. Bf4 g6 4. e3 Bg7 5. c3 d5 6. Bd3 e6 7. Na3 c6 8. O-O O-O
9. Nc2 h6 10. h3 Ne4 11. Nce1 Qe7 12. Ne5 Qe8 13. Kh2 g5 14. f3 Nf6 15. Bg3
Nbd7 16. f4 g4 17. h4 Ne4 18. Bxe4 dxe4 19. Bf2 Bf6 20. g3 Nb6 21. b3 Bd7 22.
Ng2 Rc8 23. Rc1 c5 24. Rc2 cxd4 25. cxd4 Nd5 26. Qd2 Rxc2 27. Qxc2 Qc8 28. Qxc8
Bxc8 29. Rc1 Bxe5 30. dxe5 Bd7 31. Be1 Rc8 32. Rxc8+ Bxc8 33. Bd2 Kf7 34. Ne1
Bd7 35. Nc2 Bb5 36. a3 Ke7 37. Kg2 Kd7 38. Kf2 Bd3 39. Nd4 b5 40. b4 h5 41. Nb3
Bc4 42. Nc5+ Ke7 43. Ke1 Nb6 44. Kd1 Nd7 45. Nxd7 Kxd7 46. Bc3 a6 47. Bd4 Kc6
48. Kc2 Kd5 49. Kc3 1/2-1/2

[Event "Lansing (MI Am/1)"]
[Site "?"]
[Date "1993.??.??"]
[Round "?"]
[White "Viel, M."]
[Black "Randel, D."]
[Result "0-1"]
[WhiteElo "1605"]
[BlackElo "1605"]
[PlyCount "76"]
[EventDate "1993.??.??"]

1. e4 c5 2. Nf3 Nc6 3. Nc3 g6 4. Bb5 Bg7 5. Ne2 Nf6 6. d3 O-O 7. O-O a6 8. Bxc6
bxc6 9. Be3 d6 10. c3 Rb8 11. Rb1 Qa5 12. a3 Be6 13. Qd2 Rb7 14. h3 Rfb8 15. c4
Qxd2 16. Bxd2 Rxb2 17. Rxb2 Rxb2 18. Rd1 Nd7 19. Nf4 Ne5 20. Nxe5 Bxe5 21. Nxe6
fxe6 22. Bg5 Bf6 23. f4 Bxg5 24. fxg5 d5 25. e5 Rb3 26. g4 Rxa3 27. Kf2 Kf7 28.
h4 Ra4 29. Rc1 d4 30. Ke2 Ra2+ 31. Kf3 a5 32. Rb1 a4 33. Rb6 a3 34. Rxc6 Rb2
35. Ke4 a2 36. Ra6 Re2+ 37. Kf3 Rxe5 38. Rxa2 Re3+ 0-1

[Event "Lansing (MI Am/3)"]
[Site "?"]
[Date "1993.??.??"]
[Round "?"]
[White "Viel, M."]
[Black "Moore, Robert"]
[Result "0-1"]
[WhiteElo "1605"]
[BlackElo "1760"]
[PlyCount "46"]
[EventDate "1993.??.??"]

1. e4 c5 2. Nc3 d6 3. g3 Nc6 4. Bg2 g6 5. d3 Bg7 6. Nge2 Nf6 7. O-O O-O 8. h3
a6 9. f4 b5 10. g4 Qc7 11. Ng3 e6 12. g5 Nd7 13. h4 b4 14. Nce2 f6 15. h5 fxg5
16. fxg5 Nd4 17. hxg6 hxg6 18. Nf4 Ne5 19. Be3 Qe7 20. Nfe2 Nef3+ 21. Kh1 Be5
22. Nxd4 Qh7+ 23. Nh5 Qxh5+ 0-1

[Event "Ann Arbor (HVA/2/22)"]
[Site "?"]
[Date "1993.??.??"]
[Round "?"]
[White "Venia, S."]
[Black "Welch, Joseph"]
[Result "0-1"]
[WhiteElo "1605"]
[BlackElo "1605"]
[PlyCount "104"]
[EventDate "1993.??.??"]

{2/(22)} 1. d4 Nf6 2. c4 e6 3. Nc3 b6 4. e4 Bb4 5. Bd2 Bxc3 6. Bxc3 Nxe4 7. Qg4
Nf6 8. Qxg7 Rg8 9. Qh6 Bb7 10. f3 Rg6 11. Qd2 d5 12. O-O-O dxc4 13. Bxc4 Bd5
14. Bd3 Rg8 15. Re1 Bxa2 16. Nh3 Nc6 17. Bb5 Qd7 18. Qc2 O-O-O 19. Bxc6 Qxc6
20. Nf4 Nd5 21. Nxd5 Rxd5 22. b3 Bxb3 23. Qxb3 Rxd4 24. Rd1 Rc4 25. Rd3 Rxg2
26. Rhd1 Kb7 27. R1d2 Rg5 28. Kb2 Rb5 29. Bf6 Rcb4 30. Ka3 Rxb3+ 31. Rxb3 Rxb3+
32. Kxb3 a5 33. Rc2 Qxf3+ 34. Bc3 e5 35. Kb2 Qd5 36. Rd2 Qb5+ 37. Kc2 a4 38.
Rd1 f5 39. Rb1 Qe2+ 40. Bd2 e4 41. Ra1 Qd3+ 42. Kd1 e3 43. Ra2 Qb1+ 44. Ke2
Qxa2 45. Kxe3 a3 46. Kd3 b5 47. h4 Qc4+ 48. Ke3 a2 49. Kf2 a1=Q 50. Be1 Qaa2+
51. Kf3 Qae2+ 52. Kg3 Qcg4# 0-1

[Event "Ann Arbor (HVA/3/22)"]
[Site "?"]
[Date "1993.??.??"]
[Round "?"]
[White "Venia, S."]
[Black "Davis, Ralph"]
[Result "0-1"]
[WhiteElo "1605"]
[BlackElo "1605"]
[PlyCount "106"]
[EventDate "1993.??.??"]

{3/(22)} 1. d4 Nf6 2. c4 e6 3. Qc2 Nc6 4. Nf3 Bb4+ 5. Bd2 O-O 6. e3 h6 7. Bd3
Bxd2+ 8. Nbxd2 Nb4 9. Qc3 Nxd3+ 10. Qxd3 d6 11. O-O c5 12. h3 b6 13. Rad1 Bb7
14. e4 cxd4 15. Qxd4 e5 16. Qd3 Rc8 17. b3 Qe7 18. Nh4 g6 19. Qg3 Kh7 20. Rde1
b5 21. f4 exf4 22. Rxf4 Nh5 23. Qg4 Nxf4 24. Qxf4 Rc5 25. Nhf3 bxc4 26. e5 Bxf3
27. Nxf3 d5 28. b4 Rcc8 29. Nd4 Qxb4 30. Rf1 c3 31. Rc1 c2 32. Qf2 Qb1 33. Qd2
Rfe8 34. Nxc2 Qb6+ 35. Kh2 Rxe5 36. Qf4 Rf5 37. Qd2 d4 38. Re1 Rd8 39. Re4 Qd6+
40. g3 d3 41. Ne3 Rg5 42. Ng4 Rc8 43. Qe3 Rc2+ 44. Nf2 d2 45. Nd1 Rc1 46. Rd4
Rd5 47. Rf4 Qd7 48. Qf3 Rf5 49. Ne3 Rxf4 50. gxf4 d1=Q 51. Nxd1 Rxd1 52. Kg2
Qd5 53. Qxd5 Rxd5 {[Remainder illegible; 0-1, 60?]} 0-1

[Event "Troy (TCC/B/5/10)"]
[Site "?"]
[Date "1993.??.??"]
[Round "?"]
[White "Venia, Mike"]
[Black "Schwartz, M."]
[Result "0-1"]
[WhiteElo "1605"]
[BlackElo "1770"]
[PlyCount "94"]
[EventDate "1993.??.??"]

{5/(10)} 1. c4 e5 2. Nc3 Nc6 3. Nf3 g6 4. g3 Bg7 5. Bg2 Nge7 6. d3 O-O 7. O-O
f5 8. Bg5 h6 9. Bd2 d6 10. Rb1 g5 11. h4 g4 12. Nh2 f4 13. b4 h5 14. a4 Nf5 15.
Bd5+ Kh8 16. Qe1 Ncd4 17. Be4 Nxh4 18. e3 fxg3 19. fxg3 Nhf3+ 20. Nxf3 Nxf3+
21. Bxf3 gxf3 22. Kf2 Kg8 23. Rh1 Bg4 24. e4 c6 25. Nd1 Bf6 26. Rh2 Rf7 27. Ne3
Rc8 28. Nf5 Bxf5 29. exf5 Rh7 30. Kxf3 Rcc7 31. Qf2 d5 32. Re1 dxc4 33. Qe3
Rcd7 34. Rhe2 Rxd3 35. Qxd3 Qxd3+ 36. Be3 Qxf5+ 37. Kg2 h4 38. Rf1 h3+ 39. Kh2
Qxf1 40. Rf2 Qxf2+ 41. Bxf2 c3 42. Be3 c2 43. Bc1 e4 44. b5 cxb5 45. axb5 Bd4
46. b6 Bxb6 47. g4 e3 0-1

[Event "Troy (TCC/B/3/14)"]
[Site "?"]
[Date "1993.??.??"]
[Round "?"]
[White "Venia, Mike"]
[Black "Papanichola, D."]
[Result "1/2-1/2"]
[WhiteElo "1605"]
[BlackElo "1695"]
[PlyCount "38"]
[EventDate "1993.??.??"]

{3/(14)} 1. c4 Nf6 2. Nc3 g6 3. d4 Bg7 4. e4 d6 5. Nf3 O-O 6. Be2 c5 7. O-O Nc6
8. h3 e6 9. dxc5 dxc5 10. Qxd8 Rxd8 11. Be3 b6 12. e5 Nd7 13. Rad1 Ndxe5 14.
Nxe5 Bxe5 15. Bf3 Bb7 16. Bg5 f6 17. Bh4 Rxd1 18. Rxd1 Rd8 19. Rxd8+ Nxd8
1/2-1/2

[Event "Ann Arbor (HVA/2/11)"]
[Site "?"]
[Date "1993.??.??"]
[Round "?"]
[White "Venia, Matt"]
[Black "Johnson, H."]
[Result "0-1"]
[WhiteElo "1605"]
[BlackElo "1800"]
[PlyCount "120"]
[EventDate "1993.??.??"]

{2/(11)} 1. e4 c5 2. Nf3 a6 3. Nc3 Nc6 4. Bc4 e6 5. d4 b5 6. d5 Nce7 7. Bd3 c4
8. d6 cxd3 9. dxe7 Bxe7 10. cxd3 Bb7 11. b3 Rc8 12. Bb2 Bf6 13. e5 Be7 14. Ne4
Bxe4 15. dxe4 Qa5+ 16. Nd2 Bb4 17. O-O Bxd2 18. a3 Bh6 19. Qd3 Ne7 20. a4 Qd2
21. Qd4 Nc6 22. Qc3 b4 23. Qxd2 Bxd2 24. Rfd1 Bf4 25. Rd3 Bxe5 26. Bxe5 Nxe5
27. Rd4 a5 28. f4 Ng4 29. h3 Ne3 30. f5 O-O 31. Rxd7 Rc2 32. Kh1 exf5 33. exf5
Rc5 34. Re1 Nxf5 35. g4 Nh4 36. Re4 f5 37. Ree7 Rc1+ 38. Kh2 Nf3+ 39. Kg3 Ng5
40. Rxg7+ Kh8 41. Rxg5 f4+ 42. Kh4 Rc6 43. Rgg7 Rh6+ 44. Kg5 Rxh3 45. Rgf7 Rxf7
46. Rxf7 Rxb3 47. Kh6 Rh3+ 48. Kg5 f3 49. Kf6 Kg8 50. Rg7+ Kf8 51. Ra7 Rh6+ 52.
Kg5 f2 53. Kxh6 f1=Q 54. Rxa5 Qh3+ 55. Kg5 h6+ 56. Kg6 b3 57. Kf6 Qc3+ 58. Kg6
Qxa5 59. Kxh6 b2 60. g5 b1=R 0-1

[Event "Ann Arbor (HVA/5/17)"]
[Site "?"]
[Date "1993.??.??"]
[Round "?"]
[White "Venia, Matt"]
[Black "Gregg, Ted"]
[Result "0-1"]
[WhiteElo "1605"]
[BlackElo "1605"]
[PlyCount "56"]
[EventDate "1993.??.??"]

{5/(17)} 1. e4 e5 2. Nf3 f5 3. Nxe5 Qf6 4. d4 d6 5. Nc4 fxe4 6. Nc3 Qg6 7. Bf4
Nf6 8. Qd2 Bf5 9. f3 Nc6 10. fxe4 Nxe4 11. Qe3 Be7 12. Nd5 O-O-O 13. Bd3 Rhe8
14. O-O-O Bf6 15. Bxe4 Rxe4 16. Qb3 Nxd4 17. Qa4 Kb8 18. Nce3 Ne2+ 19. Kb1 Rxa4
20. Nxf5 Nxf4 21. Nxf4 Rxf4 22. Ne3 Re8 23. Nd5 Rf2 24. Rc1 Ree2 25. Nxf6 Qxf6
26. c3 Rxb2+ 27. Ka1 Rxa2+ 28. Kb1 Rfb2# 0-1

[Event "Troy (TCC/C/2/1)"]
[Site "?"]
[Date "1993.??.??"]
[Round "?"]
[White "Velasquez, A."]
[Black "Watson, Terry"]
[Result "1-0"]
[WhiteElo "1605"]
[BlackElo "1605"]
[PlyCount "97"]
[EventDate "1993.??.??"]

{2/(1)} 1. d4 Nf6 2. Nf3 g6 3. Bg5 Bg7 4. Nbd2 O-O 5. e3 d6 6. Bd3 Nbd7 7. c3
Re8 8. O-O h6 9. Bh4 g5 10. Bg3 Nh5 11. Ne4 Nxg3 12. Nxg3 e5 13. Nd2 Nf6 14.
Qc2 d5 15. dxe5 Rxe5 16. Nf3 Re8 17. Nd4 c5 18. Ndf5 Bf8 19. Rad1 Qc7 20. Rfe1
Bd7 21. Qd2 h5 22. e4 Qf4 23. e5 Qxd2 24. Rxd2 h4 25. Nf1 Nh5 26. g3 h3 27.
Rde2 Ng7 28. Nh6+ Kh8 29. Nxf7+ Kg8 30. Nxg5 Be7 31. Nf3 Bg4 32. Re3 Nf5 33.
Bxf5 Bxf5 34. N3d2 b5 35. e6 Bd6 36. Nf3 Rac8 37. Ng5 Be7 38. Re5 Bg6 39. Rxd5
Rc6 40. Nxh3 Bd8 41. Nf4 Bh7 42. h4 Kf8 43. Rxd8 Rxd8 44. e7+ Ke8 45. exd8=Q+
Kxd8 46. Ne3 Rd6 47. Rd1 Rxd1+ 48. Nxd1 Bb1 49. a3 1-0

[Event "Flint (Class DE/5)"]
[Site "?"]
[Date "1993.??.??"]
[Round "?"]
[White "Velasquez, A."]
[Black "Vangilder, W."]
[Result "1-0"]
[WhiteElo "1605"]
[BlackElo "1605"]
[PlyCount "45"]
[EventDate "1993.??.??"]

1. d4 Nf6 2. Nf3 e6 3. Nbd2 c5 4. e3 Nc6 5. c3 cxd4 6. exd4 d5 7. Bd3 Bd6 8.
O-O O-O 9. Re1 Qc7 10. Qe2 Bd7 11. Ne5 a6 12. f4 b5 13. g4 Rab8 14. g5 Bxe5 15.
fxe5 Ne4 16. Nxe4 dxe4 17. Bxe4 Ne7 18. Bxh7+ Kxh7 19. Qh5+ Kg8 20. Re3 Nf5 21.
Rh3 Nh6 22. gxh6 Kh7 23. hxg7+ 1-0

[Event "Flint (Class DE/3)"]
[Site "?"]
[Date "1993.??.??"]
[Round "?"]
[White "Velasquez, A."]
[Black "Uptegraff, D."]
[Result "1/2-1/2"]
[WhiteElo "1605"]
[BlackElo "1605"]
[PlyCount "153"]
[EventDate "1993.??.??"]

1. d4 g6 2. Nf3 Bg7 3. c3 d6 4. Nbd2 Nf6 5. e4 O-O 6. Be2 b6 7. O-O Bb7 8. Qc2
Nbd7 9. b4 Bh6 10. a4 Bxd2 11. Nxd2 e5 12. d5 c6 13. dxc6 Bxc6 14. f3 Rc8 15.
Nc4 Qc7 16. Rd1 d5 17. Nd2 dxe4 18. fxe4 Rfd8 19. Bb2 Ba8 20. Bf3 a5 21. Qb3
axb4 22. cxb4 Qa7 23. Kh1 Rc7 24. Re1 Rdc8 25. Rac1 Bb7 26. g4 Qa8 27. g5 Rxc1
28. Bxc1 Ne8 29. Bb2 Nd6 30. Qd3 Qb8 31. Bg4 Rd8 32. Bxd7 Rxd7 33. Bxe5 Qf8 34.
Kg1 Bc8 35. Qc3 b5 36. a5 Bb7 37. Qd4 Bc8 38. Qc5 Bb7 39. h4 Qe7 40. Ra1 Nxe4
41. Nxe4 Bxe4 42. Qxe7 Rxe7 43. Bc3 Ba8 44. Kf2 Re4 45. Re1 Rf4+ 46. Kg1 Kf8
47. Re5 Rg4+ 48. Kf2 Rg2+ 49. Ke1 Rc2 50. Rxb5 Bf3 51. Rc5 Ra2 52. b5 Ke7 53.
Rc7+ Ke6 54. b6 Re2+ 55. Kf1 Rc2 56. a6 Be2+ 57. Ke1 Bxa6 58. Kd1 Rh2 59. b7
Bxb7 60. Rxb7 Rxh4 61. Rb6+ Kf5 62. Ke1 Rh1+ 63. Kf2 Kxg5 64. Kg2 Rh5 65. Rb7
f5 66. Bg7 Kg4 67. Bf6 f4 68. Rb4 Kf5 69. Be7 g5 70. Rb5+ Kg4 71. Rb4 Rh3 72.
Rb1 Rg3+ 73. Kf2 h5 74. Rb5 Kh4 75. Rf5 f3 76. Rxf3 Rxf3+ 77. Kxf3 1/2-1/2

[Event "East Lansing (MOR/4/16)"]
[Site "?"]
[Date "1993.??.??"]
[Round "?"]
[White "Velasquez, A."]
[Black "Stanulis, T."]
[Result "1-0"]
[WhiteElo "1605"]
[BlackElo "1675"]
[PlyCount "57"]
[EventDate "1993.??.??"]

{4/(16)} 1. d4 Nf6 2. Nf3 d5 3. e3 Nbd7 4. Bd3 e6 5. Nbd2 c5 6. b3 g6 7. Bb2
Bg7 8. O-O O-O 9. Ne5 Qc7 10. f4 Ne8 11. Qg4 Nxe5 12. fxe5 f6 13. Nf3 fxe5 14.
dxe5 Bh6 15. Rae1 Qg7 16. Nh4 Rxf1+ 17. Kxf1 Bd7 18. Ke2 Nc7 19. Rf1 b5 20. Rf6
Ne8 21. Rf3 c4 22. Bxg6 hxg6 23. Nxg6 Nc7 24. Ba3 Kh7 25. Rf6 Be8 26. Bf8 Qxg6
27. Rxg6 Bxg6 28. Bxh6 Kxh6 29. Qh4+ 1-0

[Event "Flint (Class DE/1)"]
[Site "?"]
[Date "1993.??.??"]
[Round "?"]
[White "Velasquez, A."]
[Black "Scott, A."]
[Result "1-0"]
[WhiteElo "1605"]
[BlackElo "1605"]
[PlyCount "47"]
[EventDate "1993.??.??"]

1. d4 d5 2. Nf3 Bf5 3. c4 Nf6 4. Qb3 b6 5. Nc3 dxc4 6. Qxc4 e6 7. Bf4 Bd6 8.
Bxd6 Qxd6 9. Nb5 Na6 10. Nxd6+ cxd6 11. Qxa6 O-O 12. e3 Rac8 13. Bd3 Bxd3 14.
Qxd3 Rfe8 15. O-O Rcd8 16. Rfd1 h6 17. Rac1 a5 18. Rc6 b5 19. Qxb5 Rb8 20. Rb6
Rxb6 21. Qxb6 Rc8 22. Qxa5 Rc2 23. b4 Ne4 24. Qa8+ 1-0

[Event "Lansing (MI Am/5)"]
[Site "?"]
[Date "1993.??.??"]
[Round "?"]
[White "Velasquez, A."]
[Black "Jackson, Don"]
[Result "1-0"]
[WhiteElo "1605"]
[BlackElo "1605"]
[PlyCount "95"]
[EventDate "1993.??.??"]

1. d4 d5 2. e3 Nc6 3. Bd3 e5 4. Nd2 e4 5. Be2 Nf6 6. c4 Be6 7. cxd5 Bxd5 8. a3
a6 9. Nh3 Bd6 10. Nc4 Bxc4 11. Bxc4 b5 12. Ba2 O-O 13. Bd2 Ne7 14. Rc1 c6 15.
O-O Rc8 16. Nf4 Bxf4 17. exf4 Qxd4 18. Qc2 Nfd5 19. Rfd1 Qb6 20. Qxe4 Qb7 21.
Rc5 Nf6 22. Qf3 Rfd8 23. Qe2 Re8 24. Rdc1 Qb6 25. Qf3 Nfd5 26. Bb1 Red8 27. Be4
a5 28. Be3 Nxe3 29. Qxe3 Qa6 30. Bxh7+ Kf8 31. Qh3 Qb6 32. b4 axb4 33. axb4 g6
34. Qc3 Nf5 35. Qh8+ Ke7 36. Re1+ Kd7 37. Qe5 Rc7 38. Rd1+ Kc8 39. Rxd8+ Kxd8
40. Qh8+ Kd7 41. h4 Nxh4 42. Bg8 Rc8 43. Qd4+ Kc7 44. Bxf7 Kb7 45. Qe4 Qd8 46.
Rxb5+ Kc7 47. Qe5+ Qd6 48. Rb7+ 1-0

[Event "Lansing (MI Am/4)"]
[Site "?"]
[Date "1993.??.??"]
[Round "?"]
[White "Velasquez, A."]
[Black "Gregg, Ted"]
[Result "1-0"]
[WhiteElo "1605"]
[BlackElo "1605"]
[PlyCount "85"]
[EventDate "1993.??.??"]

1. d4 f5 2. Nf3 Nf6 3. Bg5 e6 4. Nbd2 Be7 5. e3 O-O 6. Bd3 d5 7. O-O Bd7 8. Ne5
Be8 9. c4 c6 10. cxd5 cxd5 11. Qb3 b6 12. Rfc1 Nbd7 13. Nc6 Nc5 14. Nxe7+ Qxe7
15. dxc5 bxc5 16. Rc2 Bg6 17. Qa3 Qd6 18. Qxc5 Qxc5 19. Rxc5 Ne4 20. Nxe4 fxe4
21. Be2 Rf5 22. Bh4 h6 23. Bg4 Re5 24. Bg3 Rg5 25. Bxe6+ Kh7 26. Rd1 Rd8 27.
Bh4 Bh5 28. Rd4 Rd6 29. Bxg5 Rxe6 30. Bf4 Rb6 31. b3 Ra6 32. a4 Rb6 33. b4 Be8
34. a5 Rb7 35. Rcxd5 g5 36. Be5 Bc6 37. Rd8 Rb5 38. Rh8+ Kg6 39. Rd6+ Kf5 40.
Bc3 Rd5 41. Rf6+ Kg4 42. h3+ Kh5 43. Rhxh6# 1-0

[Event "East Lansing (MOR/7/20)"]
[Site "?"]
[Date "1993.??.??"]
[Round "?"]
[White "Velasquez, A."]
[Black "Foote, Greg"]
[Result "0-1"]
[WhiteElo "1605"]
[BlackElo "1605"]
[PlyCount "74"]
[EventDate "1993.??.??"]

{7/(20)} 1. d4 Nf6 2. Nf3 g6 3. Bg5 Bg7 4. Nbd2 O-O 5. e3 d6 6. Bd3 Re8 7. c3
c5 8. O-O Qb6 9. Rb1 Qc6 10. h3 b5 11. Re1 Bb7 12. b4 c4 13. Bc2 e5 14. Kh1
Nbd7 15. Ra1 h6 16. Bh4 e4 17. Ng1 d5 18. Ne2 Nh5 19. Nf1 Ndf6 20. a4 a6 21.
Ra3 Bf8 22. axb5 axb5 23. Ra5 Rxa5 24. bxa5 Ra8 25. g4 Ng7 26. Qa1 g5 27. Bg3
h5 28. Nh2 Qe6 29. Bc7 hxg4 30. hxg4 Nxg4 31. Nxg4 Qxg4 32. Ng3 Ra6 33. Bd1
Qh3+ 34. Kg1 Rh6 35. Be5 Nf5 36. Nh5 Nh4 37. Nf6+ Rxf6 0-1

[Event "Lansing (MI Am/1)"]
[Site "?"]
[Date "1993.??.??"]
[Round "?"]
[White "Velasquez, A."]
[Black "Foote, F."]
[Result "0-1"]
[WhiteElo "1605"]
[BlackElo "1990"]
[PlyCount "82"]
[EventDate "1993.??.??"]

1. d4 Nf6 2. Nf3 e6 3. Nbd2 d5 4. e3 c5 5. c3 Nc6 6. Bd3 Be7 7. O-O O-O 8. Ne5
Nxe5 9. dxe5 Nd7 10. f4 f5 11. Qh5 c4 12. Bc2 Nc5 13. Rf3 Bd7 14. Rh3 h6 15.
Qf3 Ne4 16. Nxe4 dxe4 17. Qg3 Kh7 18. Bd2 Ba4 19. Bxa4 Qxd2 20. Qf2 Rfd8 21.
Rd1 Qxd1+ 22. Bxd1 Rxd1+ 23. Qf1 Rad8 24. g4 fxg4 25. Rg3 Bc5 26. h3 gxh3 27.
Rxh3 Rxf1+ 28. Kxf1 Rd2 29. b4 Be7 30. a4 Rc2 31. Ke1 Rxc3 32. Kd2 Bxb4 33. Rh1
Rd3+ 34. Kc2 Rd2+ 35. Kb1 Ba3 36. Rf1 c3 37. Rc1 Bxc1 38. Kxc1 h5 39. f5 h4 40.
fxe6 h3 41. e7 h2 0-1

[Event "East Lansing (MOR/6/11)"]
[Site "?"]
[Date "1993.??.??"]
[Round "?"]
[White "Velasquez, A."]
[Black "Benjamin, H."]
[Result "0-1"]
[WhiteElo "1605"]
[BlackElo "1670"]
[PlyCount "134"]
[EventDate "1993.??.??"]

{6/(11)} 1. d4 b5 2. e3 a6 3. Bd3 Bb7 4. Nf3 d6 5. O-O Nf6 6. Nbd2 Nbd7 7. b3
c5 8. Bb2 cxd4 9. exd4 e6 10. Re1 Be7 11. Qe2 O-O 12. Ng5 h6 13. Nge4 Nd5 14.
Qd1 Nf4 15. Bf1 Nf6 16. Nxf6+ Bxf6 17. Ne4 Be7 18. Re3 Qd7 19. Qe1 Rac8 20. Rc1
Rc7 21. c4 d5 22. cxd5 Nxd5 23. Rg3 Rfc8 24. Rxc7 Rxc7 25. Nc5 Qc6 26. a3 Kf8
27. b4 Nf6 28. Re3 Bc8 29. Bd3 Bb7 30. f3 Bc8 31. Bc1 Bd6 32. Qh4 Qe8 33. Re1
Qe7 34. Bxh6 Bxc5 35. Bxg7+ Kxg7 36. Qg5+ Kf8 37. dxc5 Bb7 38. Qh6+ Ke8 39.
Qh8+ Kd7 40. Bc2 Rc8 41. Rd1+ Bd5 42. Qh4 Rg8 43. Qf2 Kc6 44. Qe2 Bc4 45. Qe5
Nd5 46. Be4 f6 47. Qd4 f5 48. Bxd5+ Bxd5 49. Qe5 Qc7 50. Qf6 Qg7 51. Qxg7 Rxg7
52. Kf2 Ra7 53. g4 a5 54. Rd2 axb4 55. axb4 Ra3 56. Rxd5 Kxd5 57. g5 f4 58. h4
Ra2+ 59. Kg1 Ke5 60. c6 Rc2 61. g6 Kf6 62. h5 Kg7 63. Kf1 Rxc6 64. Kg2 Rc4 65.
Kh3 Rxb4 66. Kg4 Kh6 67. Kh4 Rc4 0-1

[Event "Troy (TCC/C/4/1)"]
[Site "?"]
[Date "1993.??.??"]
[Round "?"]
[White "Velasquez, A."]
[Black "Aydar, A."]
[Result "0-1"]
[WhiteElo "1605"]
[BlackElo "1605"]
[PlyCount "54"]
[EventDate "1993.??.??"]

{4/(1)} 1. d4 Nf6 2. Nf3 d5 3. e3 e6 4. Bd3 c5 5. c3 Bd6 6. Nbd2 Nbd7 7. O-O
O-O 8. Re1 Re8 9. e4 e5 10. dxe5 Nxe5 11. Nxe5 Bxe5 12. exd5 Qxd5 13. Qc2 Bxh2+
14. Kxh2 Qh5+ 15. Kg1 Rxe1+ 16. Bf1 Bg4 17. f3 Bf5 18. Qb3 b6 19. Qc4 Rd8 20.
Kf2 Rd1 21. Qf4 h6 22. Nc4 Nd5 23. Qg3 Qh1 24. Nd2 Nf6 25. Ke2 R8xd2+ 26. Bxd2
Qxf1+ 27. Ke3 Nd5# 0-1

[Event "Flint (Class B/1)"]
[Site "?"]
[Date "1993.??.??"]
[Round "?"]
[White "Vega, D."]
[Black "Smith, Robert"]
[Result "0-1"]
[WhiteElo "1605"]
[BlackElo "1725"]
[PlyCount "52"]
[EventDate "1993.??.??"]

1. e4 c5 2. Nf3 d6 3. d4 cxd4 4. Nxd4 Nf6 5. Nc3 a6 6. Bc4 e6 7. Be3 b5 8. Bd3
Be7 9. f4 Qc7 10. O-O O-O 11. f5 e5 12. Nb3 Bb7 13. Qf3 Nbd7 14. Rac1 b4 15.
Ne2 d5 16. Ng3 dxe4 17. Bxe4 Nxe4 18. Nxe4 Rfd8 19. c4 Rac8 20. Rf2 Nf6 21.
Nxf6+ Bxf6 22. Qe2 Bh4 23. g3 Qc6 24. Rg2 Rd3 25. Ba7 Rcd8 26. gxh4 Rd1+ 0-1

[Event "Troy (TCC/B/1a/9)"]
[Site "?"]
[Date "1993.??.??"]
[Round "?"]
[White "Vega, D."]
[Black "Smalec, John"]
[Result "0-1"]
[WhiteElo "1605"]
[BlackElo "1700"]
[PlyCount "61"]
[EventDate "1993.??.??"]

1. e4 e6 2. d4 d5 3. e5 c5 4. Nf3 cxd4 5. Qxd4 Nc6 6. Bb5 Bd7 7. Bxc6 bxc6 8.
O-O c5 9. Qe3 Ne7 10. c3 Nf5 11. Qf4 Be7 12. Nbd2 g5 13. Nxg5 Bxg5 14. Qf3 h5
15. Qe2 a6 16. f4 Be7 17. a4 Qb6 18. c4 Bc6 19. Kh1 h4 20. cxd5 Bxd5 21. Nc4
Bxc4 22. Qxc4 Rd8 23. Ra3 Rd4 24. a5 Qa7 25. Qc2 c4 26. Qa4+ Qd7 27. Qxd7+ Kxd7
28. Ra4 Bc5 29. b4 cxb3 30. Rxd4+ Bxd4 31. Rd1 0-1

[Event "Flint (Class B/2)"]
[Site "?"]
[Date "1993.??.??"]
[Round "?"]
[White "Vega, D."]
[Black "Raupp, Kenneth L"]
[Result "1-0"]
[WhiteElo "1605"]
[BlackElo "1650"]
[PlyCount "43"]
[EventDate "1993.??.??"]

1. e4 e6 2. d4 d5 3. e5 c5 4. c3 Nc6 5. Nf3 Qb6 6. a4 Bd7 7. Bb5 Na5 8. Bxd7+
Kxd7 9. Nbd2 h6 10. O-O Nc6 11. dxc5 Bxc5 12. b4 Be7 13. Nc4 Qc7 14. b5 Na5 15.
Ne3 Nc4 16. Nxd5 exd5 17. Qxd5+ Nd6 18. Rd1 Nf6 19. exf6 Bxf6 20. Bf4 Be7 21.
c4 b6 22. Ne5+ 1-0

[Event "Eastpointe (EDO/1a/4)"]
[Site "?"]
[Date "1993.??.??"]
[Round "?"]
[White "Vega, D."]
[Black "Levadi, David"]
[Result "0-1"]
[WhiteElo "1605"]
[BlackElo "1940"]
[PlyCount "62"]
[EventDate "1993.??.??"]

1. e4 Nc6 2. Nf3 Nf6 3. Nc3 d5 4. e5 d4 5. exf6 dxc3 6. bxc3 gxf6 7. Bb5 Qd5 8.
c4 Qe4+ 9. Qe2 Bf5 10. d3 Qxe2+ 11. Kxe2 Bd7 12. Be3 a6 13. Bxc6 Bxc6 14. g3
O-O-O 15. Rhb1 e5 16. Nd2 Be7 17. a4 f5 18. Nb3 Bf6 19. Ra3 Rhe8 20. Nc5 f4 21.
Bd2 Be7 22. Bb4 a5 23. Nxb7 Bxb7 24. Bxe7 Rxe7 25. Rab3 Bc6 26. Rb8+ Kd7 27.
gxf4 exf4+ 28. Kd2 f3 29. d4 Re2+ 30. Kd3 Be4+ 31. Kc3 Rxc2+ 0-1

[Event "Eastpointe (EDO/3/9)"]
[Site "?"]
[Date "1993.??.??"]
[Round "?"]
[White "Vega, D."]
[Black "LaForge, Tom"]
[Result "0-1"]
[WhiteElo "1605"]
[BlackElo "2005"]
[PlyCount "70"]
[EventDate "1993.??.??"]

{3/(9)} 1. e4 e6 2. d4 d5 3. Nd2 Nc6 4. c3 e5 5. exd5 Qxd5 6. Ngf3 exd4 7. Bc4
Qf5 8. Qe2+ Be6 9. Bxe6 fxe6 10. Ne4 O-O-O 11. cxd4 Nxd4 12. Nxd4 Rxd4 13. Ng3
Bb4+ 14. Kf1 Qd3 15. Qxd3 Rxd3 16. Ke2 Rd5 17. Be3 Nf6 18. f3 Rhd8 19. Rhd1
Rxd1 20. Rxd1 Rxd1 21. Kxd1 Kd7 22. a3 Bd6 23. Nf1 Nd5 24. Bd2 c5 25. b3 b5 26.
Kc2 Kc6 27. Ne3 Nxe3+ 28. Bxe3 a5 29. Kd3 Kd5 30. f4 c4+ 31. Ke2 Bc5 32. Bxc5
Kxc5 33. Ke3 Kd5 34. g4 b4 35. a4 c3 {[0-1,44?]} 0-1

[Event "East Lansing (MOR/1a/20)"]
[Site "?"]
[Date "1993.??.??"]
[Round "?"]
[White "Vega, D."]
[Black "Krzyston, Joe"]
[Result "1-0"]
[WhiteElo "1605"]
[BlackElo "1605"]
[PlyCount "87"]
[EventDate "1993.??.??"]

1. e4 g6 2. d4 e6 3. Nc3 Bg7 4. f4 c6 5. Nf3 d6 6. Bd3 b6 7. O-O Ba6 8. e5 d5
9. b4 b5 10. a4 bxa4 11. Bxa6 Nxa6 12. Rxa4 Qb6 13. Ba3 Ne7 14. Qd3 Nb8 15. b5
Nf5 16. Bc5 Qc7 17. b6 axb6 18. Rxa8 bxc5 19. Rb1 O-O 20. dxc5 f6 21. Ng5 fxg5
22. g3 gxf4 23. gxf4 Bh6 24. Ne2 g5 25. Rb4 gxf4 26. Qf3 Qg7+ 27. Kf2 Nh4 28.
Qh3 Nf5 29. Raxb8 Rxb8 30. Rxb8+ Kf7 31. Rb7+ Ne7 32. Qh5+ Qg6 33. Qxg6+ hxg6
34. Kf3 g5 35. Rd7 Bg7 36. Nxf4 gxf4 37. Kxf4 Ke8 38. Rd6 Ng6+ 39. Kg5 Ne7 40.
Rxe6 Kd7 41. Rd6+ Kc7 42. e6 Be5 43. Rd7+ Kc8 44. Rxe7 1-0

[Event "East Lansing (MOR/5/29)"]
[Site "?"]
[Date "1993.??.??"]
[Round "?"]
[White "Vega, D."]
[Black "Kenworthy, Matt"]
[Result "1-0"]
[WhiteElo "1605"]
[BlackElo "1605"]
[PlyCount "69"]
[EventDate "1993.??.??"]

{5/(29)} 1. Nf3 Nc6 2. g3 e5 3. d3 Bc5 4. Bg2 d6 5. O-O h6 6. c3 Nf6 7. e4 Bg4
8. Nbd2 O-O 9. Nb3 Bb6 10. h3 Bxf3 11. Qxf3 Qd7 12. Rd1 Rad8 13. d4 d5 14. Be3
Nxe4 15. dxe5 Qe6 16. Nd4 Qxe5 17. Nxc6 bxc6 18. Bd4 Qe6 19. h4 Nc5 20. Re1 Qg6
21. Bh3 Rfe8 22. Bf5 Qd6 23. Qg4 Qf8 24. Be3 Rd6 25. Bf4 Rxe1+ 26. Rxe1 Rd8 27.
Bxh6 Na4 28. Bc1 Qc5 29. Re2 d4 30. Qh5 g6 31. Qg5 Rd5 32. Re8+ Kg7 33. Qh6+
Kf6 34. Bg4 dxc3 35. Qh8# 1-0